1806 1069 1341 1277 1724 1995 1050 1992 1450 1777 1032 1831 1662 1808 1135 1603 1837 1809 1996 1873 1374 1934 1088 1528 1465 1569 1802 1654 1724 1825 1369 1800 1100 1383 1694 1815 1122 1492 1674 1750 1324 1636 1718 1590 1752 1301 1844 1327 1710 1039 1966 1471 1604 1300 1983 1416 1368 1433 1343 1528 1438 1216 1931 1225 1254 1043 1120 1309 1478 1001 1658 1767 1471 1111 1222 1909 1469 1942 1669 1040 1433 1142 1599 1277 1059 1537 1697 1743 1504 1982 1495 1387 1014 1365 1497 1606 1489 1482 1199 BCNSPRNW ULIB Ver.6.0+V

เปลี่ยนเป็นภาษาไทย

Change to English
 แสดงรายละเอียดบรรณานุกรม
  กลับหน้าหลัก

Brief Record : Get Marc (ISO 2709) : E-mail record : QR code < ปิดหน้าต่าง
LEADER : 00000nam 2200000uu 4500
001    13399115023
003     ULIB
008    020711s2552 th a 000 0 tha d
020    ^a9789742127954
082 04 ^aรส.^bส176S
090    ^aรส.^bส176S
100    ^aLouie Stowell
245    ^aซามูไร /^cLouie Stowell
260    ^aกรุงเทพฯ :^bซีเอ็ด,^c2552
300    94 หน้า
500    ชุดอ่านอังกฤษ เก่งอังกฤษ
501    Stage 3
945    ^p99^l0^i028466
999 ^a ทศพร
รายการนี้ยังไม่มีแท็ก
คุณยังไม่ได้ล็อกอิน คุณสามารถมีกิจกรรมร่วมกับเว็บไซต์ได้ แต่ต้องล็อกอินก่อน ::
  ล็อกอิน

รายการสื่อสารสนเทศ

ลำดับที่ ประเภท เลขเรียก/บาร์โค้ด สถานที่ สถานะ
1. นวนิยาย
นวนิยาย
รส. ส176S รส. ส176S ฉ.1 
  Barcode: 028466
ห้องสมุดวิทยาเขตสวรรค์ประชารักษ์
►นวนิยาย
บนชั้น
  ขอยืม

BibComment


ยังไม่เคยถูกคอมเมนท์

คอมเมนท์ทรัพยากรรายการนี้
  คอมเมนท์: ซามูไร Louie St..


 Copyright 2026. Bcnsprnw @Library